Problemite na filosofijata

Podrobná bibliografia
Hlavný autor: Russell, Bertrand, 1872-1970 (Autor)
Médium: Kniha
Jazyk:bulharčina
angličtina
Fyzický popis:135 s. 20 cm
Vydavateľské údaje: Veliko Tărnovo Slovo 1999
ISBN:9544395415
Edícia:Eidos
Predmet:

MARC

LEADER 00000cam a2200000 a 4500
001 vtls001407592
003 SK-MaSNL
005 20260425225148.0
008 251113s1999 bg r 00000 bul
020 |a 9544395415 
035 |a SNK000362248 
040 |a SNK  |b slo  |c SNK  |e AACR2 
041 1 |a bul  |h eng 
044 |a bg  |c BG 
080 |a 1(091)  |2 1981 
100 1 |a Russell, Bertrand,  |d 1872-1970  |4 aut  |9 107678 
240 1 4 |a The problems of philosophy  |l Bulharsky 
245 1 0 |a Problemite na filosofijata  |c Bărtrand Răsel ; [prevod i statija Sašo Markov] 
260 |a Veliko Tărnovo  |b Slovo  |c 1999 
300 |a 135 s.  |c 20 cm 
490 1 |a Eidos 
650 0 7 |a filozofia  |2 SNKPH  |9 793 
655 7 |a štúdie  |2 SNKPH  |9 57033 
830 0 |a Eidos  |9 390454 
852 |a Slovenská národná knižnica 
919 |a 954-439-541-5 
999 |c 639428  |d 641358 
952 |t P60, <04>, [BOOK], {604}  |a SNK  |b SNK  |y VYP  |7 0  |p 17A0271220  |o snkID 96880  |i snkV 471/2001  |0 0  |1 0  |4 0  |d 2001-04-09  |l 0  |r 2005-01-02 00:00:00  |w 2026-02-23